000 00570nam a2200181Ia 4500
008 151202s9999||||xx |||||||||||||| ||und||
082 _bPNVM-46213
100 _aलिमये विनायक.
245 _aऐक रे मना.
260 _b"सिख ार्म प्रचार कमिटी, पुणे."
260 _c2004
300 _a88
600 _aलिमये विनायक.
630 _aऐक रे मना.
700 _aलिमये विनायक.
730 _aऐक रे मना.
942 _cBOOK
999 _c1312163
_d1312160